<?xml version="1.0" encoding="UTF-8"?>
<record
    xmlns:xsi="http://www.w3.org/2001/XMLSchema-instance"
    xsi:schemaLocation="http://www.loc.gov/MARC21/slim http://www.loc.gov/standards/marcxml/schema/MARC21slim.xsd"
    xmlns="http://www.loc.gov/MARC21/slim">

  <leader>01142nam a22002297a 4500</leader>
  <controlfield tag="005">20220715150426.0</controlfield>
  <controlfield tag="008">220715b           ||||| |||| 00| 0 eng d</controlfield>
  <datafield tag="020" ind1=" " ind2=" ">
    <subfield code="a">8125011366</subfield>
  </datafield>
  <datafield tag="040" ind1=" " ind2=" ">
    <subfield code="c">AL</subfield>
  </datafield>
  <datafield tag="041" ind1=" " ind2=" ">
    <subfield code="a">English</subfield>
  </datafield>
  <datafield tag="082" ind1=" " ind2=" ">
    <subfield code="2">23</subfield>
    <subfield code="a">954.035</subfield>
    <subfield code="b">GOUI</subfield>
  </datafield>
  <datafield tag="100" ind1=" " ind2=" ">
    <subfield code="a">Percy S Gourgey</subfield>
    <subfield code="9">50028</subfield>
  </datafield>
  <datafield tag="245" ind1=" " ind2=" ">
    <subfield code="a">Indian Naval Revolt of 1946</subfield>
  </datafield>
  <datafield tag="260" ind1=" " ind2=" ">
    <subfield code="a">Hyderabad</subfield>
    <subfield code="b">Orient Longman Limited</subfield>
    <subfield code="c">1996</subfield>
  </datafield>
  <datafield tag="300" ind1=" " ind2=" ">
    <subfield code="a">ix,66 p.</subfield>
    <subfield code="b">PB</subfield>
    <subfield code="c">21.5x14 cm.</subfield>
  </datafield>
  <datafield tag="520" ind1=" " ind2=" ">
    <subfield code="a">Here is an authentic account of a brief, momentous event that preceded India&#x2019;s Independence fifty years ago. This is a personal account by the author, a junior naval officer at the time, caught by chance at the centre of the disturbances in Bombay, and it indicates their far reaching implications - the historic trials in New Delhi, when Nehru was one of the defence lawyers of the Indian National Army, Gandhi&#x2019;s philosophy of non-violence and the significance of India becoming the first Republic of Commonwealth.</subfield>
  </datafield>
  <datafield tag="650" ind1=" " ind2=" ">
    <subfield code="a">India</subfield>
    <subfield code="9">50029</subfield>
  </datafield>
  <datafield tag="650" ind1=" " ind2=" ">
    <subfield code="a">Politics and government</subfield>
    <subfield code="9">50030</subfield>
  </datafield>
  <datafield tag="650" ind1=" " ind2=" ">
    <subfield code="a">Royal Indian Navy</subfield>
    <subfield code="9">50031</subfield>
  </datafield>
  <datafield tag="700" ind1=" " ind2=" ">
    <subfield code="a">GOURGEY (Percy S)</subfield>
    <subfield code="9">50032</subfield>
  </datafield>
  <datafield tag="942" ind1=" " ind2=" ">
    <subfield code="2">ddc</subfield>
    <subfield code="c">GF</subfield>
  </datafield>
  <datafield tag="999" ind1=" " ind2=" ">
    <subfield code="c">223835</subfield>
    <subfield code="d">223835</subfield>
  </datafield>
  <datafield tag="952" ind1=" " ind2=" ">
    <subfield code="0">0</subfield>
    <subfield code="1">0</subfield>
    <subfield code="2">ddc</subfield>
    <subfield code="4">0</subfield>
    <subfield code="7">0</subfield>
    <subfield code="8">HIS</subfield>
    <subfield code="a">AL</subfield>
    <subfield code="b">AL</subfield>
    <subfield code="d">2013-03-23</subfield>
    <subfield code="l">0</subfield>
    <subfield code="o">954.035 GOUI</subfield>
    <subfield code="p">GF00417</subfield>
    <subfield code="r">2022-07-15 00:00:00</subfield>
    <subfield code="w">2022-07-15</subfield>
    <subfield code="y">GF</subfield>
  </datafield>
</record>
